000 01112nab a22002417a 4500
999 _c5732
_d5732
003 OSt
005 20260101190506.0
008 190514b xxu||||| |||| 00| 0 spa d
040 _cPJ
100 _96652
_aHeredia, Javier P.
245 1 3 _aLa realidad debe superar a la ficción /
_cJavier P. Heredia.
300 _ap. 52-59
500 _aCita: TR LALEY AR/DOC/3256/2024.
505 _aSumario: I. Introducción.— II. Pautas para determinar la cuota alimentaria.— III. Interés superior del niño. Perspectiva de niñez.— IV. Perspectiva de género.— V. Conclusión.
505 _aFallo comentado: CCiv. y Com., Lomas de Zamora, sala III ~ 14/05/2024 ~ D. E., P. M. c. C. S. L. s/ alimentos
650 0 _9967
_aDERECHO DE FAMILIA
650 0 _94097
_aINTERES SUPERIOR DEL NIÑO
650 0 _94099
_aCUOTA ALIMENTARIA
650 0 _94044
_aPERSPECTIVA DE GÉNERO
650 0 _91057
_aJURISPRUDENCIA APLICABLE
773 0 _02844
_93222
_dBuenos Aires : AbeledoPerrot, 1989-
_tDerecho de familia. Revista Interdisciplinaria de doctrina y jurisprudencia. Febrero 2025-I.
_z18511201
942 _2udc
_cANA